| 000 | 00414nam a2200205Ia 4500 | ||
|---|---|---|---|
| 001 | 17543 | ||
| 003 | GE_BSU | ||
| 008 | 181216s||||||||xx |||||||||||||| ||und|| | ||
| 020 | _a9780194372404 | ||
| 040 | _cGE_BSU | ||
| 080 | _a811.111 | ||
| 100 | _aVerdonk,Peter | ||
| 245 | _aStylistics | ||
| 260 | _aOxford | ||
| 260 | _c2002 | ||
| 300 | _a124p. | ||
| 541 | _h6 Gel. | ||
| 653 | _aStylistics | ||
| 942 | _cBK | ||
| 999 |
_c50593 _d50593 |
||